[Event "MP do 16 lat - chlopcy"]
[Site "Sypniewo"]
[Date "2022.03.22"]
[Round "4.5"]
[White "Starosciak, Szymon"]
[Black "Kolodziejski, Piotr"]
[Result "1/2-1/2"]
[BlackElo "2115"]
[WhiteElo "1921"]
[LiveChessVersion "1.4.8"]

1. e4 {[%clk 1:30:58]} c5 {[%clk 1:30:55]} 2. Nf3 {[%clk 1:31:22]} d6
{[%clk 1:31:21]} 3. d4 {[%clk 1:31:36]} cxd4 {[%clk 1:31:46]} 4. Nxd4
{[%clk 1:31:59]} Nf6 {[%clk 1:32:11]} 5. Nc3 {[%clk 1:32:20]} a6 {[%clk 1:32:36]}
6. Be2 {[%clk 1:31:50]} e5 {[%clk 1:32:56]} 7. Nb3 {[%clk 1:32:04]} Be7
{[%clk 1:32:23]} 8. Be3 {[%clk 1:30:21]} Be6 {[%clk 1:31:25]} 9. Nd5
{[%clk 1:29:09]} Bxd5 {[%clk 1:29:05]} 10. exd5 {[%clk 1:29:33]} O-O
{[%clk 1:27:30]} 11. O-O {[%clk 1:27:49]} Nfd7 {[%clk 1:21:05]} 12. Qd2
{[%clk 1:25:22]} b6 {[%clk 1:15:09]} 13. c4 {[%clk 1:23:42]} h6 {[%clk 1:12:33]}
14. Rac1 {[%clk 1:20:56]} Nc5 {[%clk 1:07:24]} 15. f3 {[%clk 1:15:20]} Nbd7
{[%clk 1:03:11]} 16. Na1 {[%clk 1:15:16]} a5 {[%clk 1:01:33]} 17. Nc2
{[%clk 1:10:39]} Bg5 {[%clk 0:57:21]} 18. Na3 {[%clk 0:59:56]} f5
{[%clk 0:53:36]} 19. Nb5 {[%clk 0:58:07]} Qf6 {[%clk 0:51:08]} 20. b3
{[%clk 0:55:39]} Rf7 {[%clk 0:45:05]} 21. Rb1 {[%clk 0:47:57]} Nf8
{[%clk 0:41:55]} 22. a3 {[%clk 0:45:51]} Ng6 {[%clk 0:39:57]} 23. b4
{[%clk 0:44:56]} Bxe3+ {[%clk 0:36:38]} 24. Qxe3 {[%clk 0:45:20]} Nd7
{[%clk 0:32:12]} 25. Nc7 {[%clk 0:35:40]} Ra7 {[%clk 0:32:04]} 26. Ne6
{[%clk 0:34:48]} Ngf8 {[%clk 0:30:49]} 27. c5 {[%clk 0:17:05]} bxc5
{[%clk 0:30:53]} 28. bxc5 {[%clk 0:13:55]} dxc5 {[%clk 0:26:22]} 29. Rfc1
{[%clk 0:13:06]} Kh7 {[%clk 0:23:50]} 30. Nxc5 {[%clk 0:12:08]} Nxc5
{[%clk 0:19:40]} 31. Qxc5 {[%clk 0:11:45]} Qd8 {[%clk 0:17:34]} 32. Bb5
{[%clk 0:09:17]} Ng6 {[%clk 0:13:15]} 33. d6 {[%clk 0:07:50]} e4 {[%clk 0:12:36]}
34. fxe4 {[%clk 0:06:48]} fxe4 {[%clk 0:12:28]} 35. d7 {[%clk 0:04:53]} Raxd7
{[%clk 0:12:29]} 36. Bxd7 {[%clk 0:05:15]} Rxd7 {[%clk 0:12:56]} 37. Qf5
{[%clk 0:05:17]} e3 {[%clk 0:11:24]} 38. Re1 {[%clk 0:04:51]} Rd3
{[%clk 0:10:22]} 39. Rb6 {[%clk 0:03:40]} Qxb6 {[%clk 0:08:11]} 40. Qxd3
{[%clk 0:34:05]} e2+ {[%clk 0:37:35]} 41. Kh1 {[%clk 0:34:19]} Qc5
{[%clk 0:33:47]} 42. Qxe2 {[%clk 0:33:18]} Qxa3 {[%clk 0:34:09]} 43. Qe4
{[%clk 0:31:55]} Qc5 {[%clk 0:31:15]} 44. h3 {[%clk 0:31:24]} Qg5
{[%clk 0:31:02]} 45. Qc4 {[%clk 0:24:47]} h5 {[%clk 0:27:50]} 46. Rd1
{[%clk 0:22:11]} Kh6 {[%clk 0:25:41]} 47. Rd5 {[%clk 0:14:28]} Qe3
{[%clk 0:24:56]} 48. Qf1 {[%clk 0:09:45]} a4 {[%clk 0:22:16]} 49. Qd1
{[%clk 0:08:50]} Nf4 {[%clk 0:20:06]} 50. Rd6+ {[%clk 0:09:05]} Ng6
{[%clk 0:17:22]} 51. Qb1 {[%clk 0:09:10]} Qg3 {[%clk 0:16:54]} 52. Ra6
{[%clk 0:06:55]} a3 {[%clk 0:16:50]} 53. Qc1+ {[%clk 0:06:16]} Kh7
{[%clk 0:17:06]} 54. Rxa3 {[%clk 0:06:41]} Qf4 {[%clk 0:16:55]} 55. Qb1
{[%clk 0:06:28]} Qg5 {[%clk 0:16:29]} 56. Ra6 {[%clk 0:05:15]} Kh6
{[%clk 0:16:33]} 57. Rc6 {[%clk 0:05:15]} Kh7 {[%clk 0:16:50]} 58. Qe4
{[%clk 0:04:37]} Qg3 {[%clk 0:14:56]} 59. Rc5 {[%clk 0:02:11]} Kh6
{[%clk 0:14:07]} 60. Qf5 {[%clk 0:02:15]} Nf4 {[%clk 0:12:53]} 61. Rc6+
{[%clk 0:01:57]} Ng6 {[%clk 0:13:16]} 62. Re6 {[%clk 0:01:23]} Qg5
{[%clk 0:13:21]} 63. Qd3 {[%clk 0:01:12]} Kh7 {[%clk 0:11:24]} 64. Rc6
{[%clk 0:01:17]} Kh6 {[%clk 0:11:27]} 65. Kg1 {[%clk 0:01:10]} Kh7
{[%clk 0:10:48]} 66. h4 {[%clk 0:00:59]} Qg4 {[%clk 0:11:14]} 67. g3
{[%clk 0:00:56]} Kh6 {[%clk 0:11:27]} 68. Kh2 {[%clk 0:01:02]} Kh7
{[%clk 0:11:41]} 69. Rc5 {[%clk 0:01:07]} Kh6 {[%clk 0:05:03]} 70. Rg5
{[%clk 0:01:28]} Qe6 {[%clk 0:04:57]} 71. Qd2 {[%clk 0:01:52]} Kh7
{[%clk 0:04:03]} 72. Rxh5+ {[%clk 0:02:18]} Kg8 {[%clk 0:04:28]} 73. Rg5
{[%clk 0:01:52]} Ne5 {[%clk 0:04:13]} 74. Qd8+ {[%clk 0:01:53]} Kf7
{[%clk 0:04:38]} 75. Qc7+ {[%clk 0:02:14]} Nd7 {[%clk 0:04:59]} 76. Qf4+
{[%clk 0:02:08]} Nf6 {[%clk 0:05:17]} 77. Qf3 {[%clk 0:01:02]} Kg8
{[%clk 0:05:30]} 78. Rf5 {[%clk 0:00:56]} Qa2+ {[%clk 0:05:47]} 79. Kh3
{[%clk 0:00:59]} Qe6 {[%clk 0:06:12]} 80. g4 {[%clk 0:00:59]} Kh7
{[%clk 0:06:19]} 81. Rg5 {[%clk 0:00:39]} Kg8 {[%clk 0:06:32]} 82. h5
{[%clk 0:00:46]} Ne4 {[%clk 0:06:44]} 83. Rg6 {[%clk 0:00:42]} Qxg6
{[%clk 0:06:42]} 84. hxg6 {[%clk 0:00:49]} Ng5+ {[%clk 0:07:09]} 85. Kg3
{[%clk 0:01:17]} Nxf3 {[%clk 0:07:35]} 1/2-1/2

[Event "MP do 16 lat - chlopcy"]
[Site "Sypniewo"]
[Date "2022.03.22"]
[Round "4.6"]
[White "Melerowicz, Dominik"]
[Black "Janeczko, Jakub"]
[Result "1/2-1/2"]
[BlackElo "2053"]
[WhiteElo "1825"]
[LiveChessVersion "1.4.8"]

1. e4 {[%clk 1:30:57]} c5 {[%clk 1:30:53]} 2. Nf3 {[%clk 1:31:22]} Nc6
{[%clk 1:31:19]} 3. d4 {[%clk 1:31:48]} cxd4 {[%clk 1:31:40]} 4. Nxd4
{[%clk 1:32:11]} g6 {[%clk 1:32:06]} 5. c4 {[%clk 1:32:12]} Nf6 {[%clk 1:32:25]}
6. Nc3 {[%clk 1:32:36]} Nxd4 {[%clk 1:32:51]} 7. Qxd4 {[%clk 1:33:00]} d6
{[%clk 1:33:17]} 8. Be2 {[%clk 1:31:23]} Bg7 {[%clk 1:33:41]} 9. O-O
{[%clk 1:31:19]} O-O {[%clk 1:34:03]} 10. Qd3 {[%clk 1:28:02]} Be6
{[%clk 1:32:15]} 11. Be3 {[%clk 1:24:41]} Nd7 {[%clk 1:27:15]} 12. Qd2
{[%clk 1:21:11]} Qa5 {[%clk 1:26:37]} 13. Nd5 {[%clk 1:19:47]} Qxd2
{[%clk 1:26:25]} 14. Nxe7+ {[%clk 1:20:04]} Kh8 {[%clk 1:26:50]} 15. Bxd2
{[%clk 1:20:30]} Rfe8 {[%clk 1:26:48]} 16. Nd5 {[%clk 1:20:29]} Bxd5
{[%clk 1:27:04]} 17. cxd5 {[%clk 1:20:54]} Rxe4 {[%clk 1:27:07]} 18. Bf3
{[%clk 1:18:54]} Rc4 {[%clk 1:22:32]} 19. Rac1 {[%clk 1:16:03]} Rac8
{[%clk 1:22:19]} 20. b3 {[%clk 1:15:06]} Rxc1 {[%clk 1:17:56]} 21. Rxc1
{[%clk 1:15:30]} Rxc1+ {[%clk 1:18:08]} 22. Bxc1 {[%clk 1:15:53]} Bd4
{[%clk 1:17:42]} 23. Kf1 {[%clk 1:13:36]} Kg7 {[%clk 1:17:38]} 24. Ba3
{[%clk 1:13:12]} Nc5 {[%clk 1:16:15]} 25. Ke2 {[%clk 1:12:23]} Kf6
{[%clk 1:16:02]} 26. g3 {[%clk 1:10:52]} Ke5 {[%clk 1:08:56]} 27. Bc1
{[%clk 1:10:41]} Ne4 {[%clk 1:06:52]} 28. Bf4+ {[%clk 1:11:06]} Kxd5
{[%clk 1:07:18]} 29. Bxe4+ {[%clk 1:11:31]} Kxe4 {[%clk 1:07:43]} 30. Bxd6
{[%clk 1:11:54]} f5 {[%clk 1:01:47]} 31. h4 {[%clk 1:11:56]} h5 {[%clk 1:01:17]}
32. Bf4 {[%clk 1:12:13]} Bf6 {[%clk 0:45:30]} 33. Be3 {[%clk 1:12:20]} a6
{[%clk 0:45:14]} 34. Bf4 {[%clk 1:11:36]} Kd4 {[%clk 0:43:59]} 35. Kd2
{[%clk 1:10:35]} Be7 {[%clk 0:43:44]} 36. Be3+ {[%clk 1:10:54]} Ke4
{[%clk 0:44:09]} 37. Ke2 {[%clk 1:10:34]} Bd6 {[%clk 0:44:31]} 38. f4
{[%clk 1:07:25]} Bb4 {[%clk 0:44:23]} 39. Bb6 {[%clk 1:06:19]} Bc3
{[%clk 0:38:54]} 40. Bf2 {[%clk 1:36:30]} b5 {[%clk 1:08:11]} 41. Bb6
{[%clk 1:36:04]} a5 {[%clk 1:08:14]} 42. Bf2 {[%clk 1:36:01]} Bb4
{[%clk 1:05:53]} 43. Bb6 {[%clk 1:33:28]} a4 {[%clk 1:05:41]} 44. Bf2
{[%clk 1:33:36]} Bc3 {[%clk 1:05:38]} 45. Bb6 {[%clk 1:33:27]} Bd4
{[%clk 1:04:42]} 46. Ba5 {[%clk 1:32:45]} Bg1 {[%clk 1:03:25]} 47. Bc3
{[%clk 1:29:16]} Bc5 {[%clk 1:03:38]} 48. Bd2 {[%clk 1:27:51]} Ba3
{[%clk 1:01:22]} 49. Bc3 {[%clk 1:27:40]} Bc1 {[%clk 1:01:39]} 50. Be5
{[%clk 1:26:18]} Be3 {[%clk 1:01:30]} 51. Bc3 {[%clk 1:26:38]} Bd4
{[%clk 1:01:27]} 52. Be1 {[%clk 1:26:55]} Bc5 1/2-1/2

[Event "MP do 16 lat - chlopcy"]
[Site "Sypniewo"]
[Date "2022.03.22"]
[Round "4.7"]
[White "Lysakowski, Kamil"]
[Black "Kejna, Piotr"]
[Result "0-1"]
[BlackElo "2037"]
[WhiteElo "1805"]
[LiveChessVersion "1.4.8"]

1. e4 {[%clk 1:30:58]} e6 {[%clk 1:30:56]} 2. d4 {[%clk 1:31:23]} d5
{[%clk 1:31:22]} 3. Nc3 {[%clk 1:31:47]} Bb4 {[%clk 1:31:38]} 4. e5
{[%clk 1:32:10]} c5 {[%clk 1:31:51]} 5. a3 {[%clk 1:32:31]} Bxc3+
{[%clk 1:32:10]} 6. bxc3 {[%clk 1:32:55]} Qa5 {[%clk 1:32:31]} 7. Bd2
{[%clk 1:21:48]} Qa4 {[%clk 1:32:39]} 8. Rb1 {[%clk 1:04:46]} c4 {[%clk 1:30:36]}
9. Bc1 {[%clk 1:03:31]} Nc6 {[%clk 1:26:50]} 10. Be2 {[%clk 0:59:08]} Nge7
{[%clk 1:23:36]} 11. Nh3 {[%clk 0:55:54]} Qa6 {[%clk 1:15:36]} 12. O-O
{[%clk 0:53:52]} Bd7 {[%clk 1:14:47]} 13. Qd2 {[%clk 0:45:14]} O-O-O
{[%clk 1:11:40]} 14. a4 {[%clk 0:44:44]} Kb8 {[%clk 1:03:22]} 15. Ba3
{[%clk 0:43:53]} Nc8 {[%clk 1:02:12]} 16. Ra1 {[%clk 0:39:18]} Na5
{[%clk 0:49:23]} 17. Qf4 {[%clk 0:34:49]} Bxa4 {[%clk 0:29:05]} 18. Bb4
{[%clk 0:32:25]} Nc6 {[%clk 0:24:00]} 19. Qxf7 {[%clk 0:30:41]} Nxb4
{[%clk 0:24:26]} 20. cxb4 {[%clk 0:30:47]} Qc6 {[%clk 0:24:01]} 21. Ra2
{[%clk 0:25:51]} Rd7 {[%clk 0:22:17]} 22. Qh5 {[%clk 0:22:48]} Ne7
{[%clk 0:21:48]} 23. Rfa1 {[%clk 0:22:37]} b5 {[%clk 0:20:43]} 24. c3
{[%clk 0:19:02]} a5 {[%clk 0:16:44]} 25. Rb2 {[%clk 0:17:23]} axb4
{[%clk 0:16:37]} 26. Rxb4 {[%clk 0:17:49]} Ra7 {[%clk 0:12:31]} 27. Qg5
{[%clk 0:17:54]} Nc8 {[%clk 0:11:12]} 28. Qc1 {[%clk 0:15:32]} Nb6
{[%clk 0:11:06]} 29. Ng5 {[%clk 0:13:32]} h6 {[%clk 0:11:06]} 30. Nf7
{[%clk 0:13:07]} Rxf7 {[%clk 0:11:09]} 31. Qb1 {[%clk 0:12:25]} Rb7
{[%clk 0:10:25]} 32. Qa2 {[%clk 0:11:12]} Kc7 {[%clk 0:09:11]} 33. Qb1
{[%clk 0:11:42]} Nc8 {[%clk 0:05:26]} 34. Qg6 {[%clk 0:11:10]} Qd7
{[%clk 0:05:36]} 35. Bg4 {[%clk 0:10:27]} Re8 {[%clk 0:05:31]} 36. f4
{[%clk 0:10:33]} Rb6 {[%clk 0:04:49]} 37. Qb1 {[%clk 0:10:39]} Rf8
{[%clk 0:03:26]} 38. Qc1 {[%clk 0:08:25]} Ne7 {[%clk 0:02:45]} 39. Bd1
{[%clk 0:05:38]} Bxd1 {[%clk 0:01:29]} 40. Qxd1 {[%clk 0:34:16]} Rfb8
{[%clk 0:31:45]} 41. Ra7+ {[%clk 0:32:54]} R6b7 {[%clk 0:30:27]} 42. Ra6
{[%clk 0:33:03]} Nc6 {[%clk 0:29:08]} 43. Qa1 {[%clk 0:33:01]} Rb6
{[%clk 0:26:31]} 44. Rb1 {[%clk 0:31:59]} Rxa6 {[%clk 0:25:31]} 45. Qxa6
{[%clk 0:32:22]} Qc8 {[%clk 0:25:00]} 46. Qa3 {[%clk 0:32:29]} Qf8
{[%clk 0:24:37]} 47. Qa6 {[%clk 0:31:59]} Ra8 {[%clk 0:23:57]} 0-1

[Event "MP do 16 lat - chlopcy"]
[Site "Sypniewo"]
[Date "2022.03.22"]
[Round "4.8"]
[White "Madej, Marek"]
[Black "Madajczak, Piotr"]
[Result "1/2-1/2"]
[BlackElo "1902"]
[WhiteElo "2017"]
[LiveChessVersion "1.4.8"]

1. e4 {[%clk 1:30:57]} c6 {[%clk 1:30:48]} 2. d4 {[%clk 1:31:09]} d5
{[%clk 1:31:07]} 3. e5 {[%clk 1:31:29]} Bf5 {[%clk 1:31:26]} 4. Nc3
{[%clk 1:31:50]} e6 {[%clk 1:30:56]} 5. g4 {[%clk 1:31:33]} Bg6 {[%clk 1:31:18]}
6. Nge2 {[%clk 1:31:54]} c5 {[%clk 1:20:19]} 7. h4 {[%clk 1:32:19]} h5
{[%clk 1:20:41]} 8. Nf4 {[%clk 1:32:04]} Bh7 {[%clk 1:21:06]} 9. Nxh5
{[%clk 1:31:53]} cxd4 {[%clk 1:19:53]} 10. Nb5 {[%clk 1:28:24]} Nc6
{[%clk 1:13:25]} 11. Nxd4 {[%clk 1:21:56]} Nxe5 {[%clk 1:04:06]} 12. Bb5+
{[%clk 1:08:23]} Nd7 {[%clk 1:01:13]} 13. Qe2 {[%clk 1:06:10]} a6
{[%clk 0:45:35]} 14. Bg5 {[%clk 0:46:37]} Qb6 {[%clk 0:30:41]} 15. Bxd7+
{[%clk 0:29:22]} Kxd7 {[%clk 0:31:08]} 16. c3 {[%clk 0:29:38]} e5
{[%clk 0:21:52]} 17. Nf3 {[%clk 0:28:44]} f6 {[%clk 0:22:10]} 18. Be3
{[%clk 0:28:31]} Qb5 {[%clk 0:21:43]} 19. Rd1 {[%clk 0:27:50]} Qxe2+
{[%clk 0:20:54]} 20. Kxe2 {[%clk 0:28:18]} Kc6 {[%clk 0:20:48]} 21. Nd2
{[%clk 0:25:36]} g6 {[%clk 0:16:58]} 22. Ng3 {[%clk 0:25:45]} Bd6
{[%clk 0:17:11]} 23. Rdf1 {[%clk 0:21:10]} Re8 {[%clk 0:14:47]} 24. Kd1
{[%clk 0:20:56]} Ne7 {[%clk 0:10:43]} 25. f4 {[%clk 0:20:01]} Rhf8
{[%clk 0:10:37]} 26. fxe5 {[%clk 0:19:20]} fxe5 {[%clk 0:10:31]} 27. Bh6
{[%clk 0:14:56]} Rxf1+ {[%clk 0:10:59]} 28. Rxf1 {[%clk 0:15:19]} Ng8
{[%clk 0:10:28]} 29. Bg5 {[%clk 0:14:12]} Rf8 {[%clk 0:10:23]} 30. Rxf8
{[%clk 0:08:46]} Bxf8 {[%clk 0:10:51]} 31. Nf3 {[%clk 0:05:29]} Kd6
{[%clk 0:09:13]} 32. Bd8 {[%clk 0:03:23]} Ne7 {[%clk 0:06:33]} 33. Ng5
{[%clk 0:02:44]} Bg8 {[%clk 0:06:55]} 34. h5 {[%clk 0:02:31]} gxh5
{[%clk 0:03:21]} 35. gxh5 {[%clk 0:03:00]} Kd7 {[%clk 0:02:13]} 36. Bb6
{[%clk 0:01:01]} Bh6 {[%clk 0:02:15]} 37. Nf3 {[%clk 0:01:25]} Ke6
{[%clk 0:02:05]} 38. Bc7 {[%clk 0:01:01]} Nc6 {[%clk 0:01:44]} 39. Ke2
{[%clk 0:00:43]} Bf7 {[%clk 0:01:48]} 40. Nh2 {[%clk 0:30:38]} Bf4
{[%clk 0:31:37]} 41. Nhf1 {[%clk 0:30:46]} Kf6 {[%clk 0:27:26]} 42. a4
{[%clk 0:24:02]} Kg5 {[%clk 0:23:07]} 43. Bb6 {[%clk 0:18:19]} Kg4
{[%clk 0:15:07]} 44. Kf2 {[%clk 0:16:21]} Bxh5 {[%clk 0:12:14]} 45. Nxh5
{[%clk 0:13:41]} Kxh5 {[%clk 0:12:41]} 46. Ne3 {[%clk 0:10:45]} 1/2-1/2

[Event "MP do 16 lat - chlopcy"]
[Site "Sypniewo"]
[Date "2022.03.22"]
[Round "4.9"]
[White "Zalega, Maciej"]
[Black "Malinowski, Szymon"]
[Result "1-0"]
[BlackElo "1675"]
[WhiteElo "1994"]
[LiveChessVersion "1.4.8"]

1. e4 {[%clk 1:30:58]} c6 {[%clk 1:30:49]} 2. d4 {[%clk 1:31:24]} d5
{[%clk 1:31:08]} 3. Nc3 {[%clk 1:31:51]} dxe4 {[%clk 1:31:30]} 4. Nxe4
{[%clk 1:32:18]} Bf5 {[%clk 1:31:53]} 5. Ng3 {[%clk 1:32:46]} Bg6
{[%clk 1:32:11]} 6. h4 {[%clk 1:33:06]} h6 {[%clk 1:32:28]} 7. Nf3
{[%clk 1:33:31]} Nd7 {[%clk 1:32:08]} 8. h5 {[%clk 1:33:55]} Bh7 {[%clk 1:32:30]}
9. Bd3 {[%clk 1:34:21]} Bxd3 {[%clk 1:32:41]} 10. Qxd3 {[%clk 1:34:49]} e6
{[%clk 1:32:50]} 11. Bd2 {[%clk 1:34:37]} Qc7 {[%clk 1:32:47]} 12. O-O-O
{[%clk 1:33:34]} O-O-O {[%clk 1:32:37]} 13. Ne4 {[%clk 1:33:19]} Ngf6
{[%clk 1:32:21]} 14. g3 {[%clk 1:33:01]} Nxe4 {[%clk 1:32:09]} 15. Qxe4
{[%clk 1:33:20]} Nf6 {[%clk 1:32:25]} 16. Qe2 {[%clk 1:33:30]} Bd6
{[%clk 1:32:39]} 17. c4 {[%clk 1:32:54]} c5 {[%clk 1:31:57]} 18. Bc3
{[%clk 1:32:40]} Rhe8 {[%clk 1:31:32]} 19. Kb1 {[%clk 1:32:23]} cxd4
{[%clk 1:30:44]} 20. Nxd4 {[%clk 1:32:16]} a6 {[%clk 1:30:12]} 21. a3
{[%clk 1:32:40]} Qb6 {[%clk 1:02:29]} 22. Ka2 {[%clk 1:29:50]} Bc5
{[%clk 1:00:14]} 23. Nb3 {[%clk 1:29:03]} Qc6 {[%clk 0:58:38]} 24. Nxc5
{[%clk 1:20:45]} Qxc5 {[%clk 0:58:57]} 25. Be5 {[%clk 1:20:14]} a5
{[%clk 0:57:28]} 26. Bc3 {[%clk 1:16:12]} a4 {[%clk 0:55:25]} 27. Bxf6
{[%clk 1:14:09]} gxf6 {[%clk 0:55:33]} 28. Qc2 {[%clk 1:14:31]} Qc6
{[%clk 0:55:23]} 29. Rc1 {[%clk 1:08:35]} f5 30. Rh4 {[%clk 1:07:31]} Re7
{[%clk 0:46:23]} 31. c5 {[%clk 1:06:16]} Red7 {[%clk 0:43:12]} 32. Rxa4
{[%clk 1:02:03]} Rd2 {[%clk 0:42:42]} 33. Qb3 {[%clk 1:02:17]} R8d3
{[%clk 0:42:36]} 34. Qb4 {[%clk 1:01:55]} Qd5+ {[%clk 0:41:27]} 35. Rc4
{[%clk 0:57:09]} Qc6 {[%clk 0:15:35]} 36. Qb6 {[%clk 0:57:06]} Qxb6
{[%clk 0:14:51]} 37. cxb6+ {[%clk 0:57:35]} Kb8 {[%clk 0:15:01]} 38. Ra8+
{[%clk 0:58:02]} 1-0

[Event "MP do 16 lat - chlopcy"]
[Site "Sypniewo"]
[Date "2022.03.22"]
[Round "4.10"]
[White "Demski, Michal"]
[Black "Ciszewski, Krzysztof"]
[Result "1/2-1/2"]
[BlackElo "1939"]
[WhiteElo "1678"]
[LiveChessVersion "1.4.8"]

1. e4 {[%clk 1:30:57]} c5 {[%clk 1:30:49]} 2. Ne2 {[%clk 1:31:16]} d6
{[%clk 1:31:01]} 3. g3 {[%clk 1:31:40]} g6 {[%clk 1:31:23]} 4. Bg2
{[%clk 1:31:32]} Bg7 {[%clk 1:31:43]} 5. c3 {[%clk 1:31:55]} e6 {[%clk 1:25:50]}
6. d4 {[%clk 1:31:53]} cxd4 {[%clk 1:25:47]} 7. cxd4 {[%clk 1:32:17]} Ne7
{[%clk 1:24:00]} 8. O-O {[%clk 1:31:45]} O-O {[%clk 1:23:20]} 9. Nbc3
{[%clk 1:29:08]} a6 {[%clk 1:07:02]} 10. Be3 {[%clk 1:19:36]} b5 {[%clk 1:05:34]}
11. Qd2 {[%clk 1:16:35]} Bb7 {[%clk 0:58:45]} 12. Nc1 {[%clk 1:03:49]} Nd7
{[%clk 0:54:35]} 13. Bh6 {[%clk 0:59:14]} Rc8 {[%clk 0:49:45]} 14. Bxg7
{[%clk 0:59:08]} Kxg7 {[%clk 0:47:15]} 15. Nd3 {[%clk 0:58:19]} Qb6
{[%clk 0:36:46]} 16. Ne2 {[%clk 0:51:08]} Nc6 {[%clk 0:23:45]} 17. Ndf4
{[%clk 0:47:14]} Nf6 {[%clk 0:21:29]} 18. Rfd1 {[%clk 0:31:49]} Na5
{[%clk 0:18:07]} 19. Qd3 {[%clk 0:25:14]} Nc4 {[%clk 0:17:11]} 20. Rab1
{[%clk 0:24:27]} a5 {[%clk 0:13:04]} 21. b3 {[%clk 0:21:27]} Na3 {[%clk 0:13:22]}
22. Rbc1 {[%clk 0:21:31]} b4 {[%clk 0:13:07]} 23. h3 {[%clk 0:19:50]} Rfd8
{[%clk 0:08:08]} 24. Qe3 {[%clk 0:18:43]} Nc2 {[%clk 0:06:57]} 25. Qd3
{[%clk 0:18:36]} Na3 {[%clk 0:07:03]} 26. Qe3 {[%clk 0:18:34]} Nc2
{[%clk 0:07:23]} 27. Qd3 {[%clk 0:19:00]} Na3 {[%clk 0:07:28]} 28. Qe3
{[%clk 0:18:51]} Nc2 {[%clk 0:07:34]} 29. Qd3 {[%clk 0:19:18]} Na3
{[%clk 0:08:02]} 30. Qe3 {[%clk 0:19:44]} Nc2 {[%clk 0:08:26]} 31. Qd3 1/2-1/2

[Event "MP do 16 lat - chlopcy"]
[Site "Sypniewo"]
[Date "2022.03.22"]
[Round "4.11"]
[White "Backiel, Hubert"]
[Black "Wilk, Igor"]
[Result "1-0"]
[BlackElo "1753"]
[WhiteElo "2075"]
[LiveChessVersion "1.4.8"]

1. c4 {[%clk 1:30:58]} e6 {[%clk 1:30:55]} 2. Nc3 {[%clk 1:31:14]} d5 3. d4
{[%clk 1:31:20]} Nf6 {[%clk 1:31:39]} 4. cxd5 {[%clk 1:31:38]} exd5
{[%clk 1:32:02]} 5. Bg5 {[%clk 1:32:02]} Be7 {[%clk 1:32:23]} 6. e3
{[%clk 1:32:18]} c6 {[%clk 1:32:44]} 7. Bd3 {[%clk 1:32:39]} O-O {[%clk 1:32:59]}
8. Qc2 {[%clk 1:31:28]} Nbd7 {[%clk 1:33:16]} 9. h3 {[%clk 1:29:32]} Re8
{[%clk 1:29:34]} 10. Nf3 {[%clk 1:28:54]} h6 {[%clk 1:27:33]} 11. Bf4
{[%clk 1:28:32]} Bb4 {[%clk 1:20:46]} 12. O-O {[%clk 1:25:00]} Qe7
{[%clk 1:17:42]} 13. a3 {[%clk 1:11:24]} Bd6 {[%clk 1:15:28]} 14. Bxd6
{[%clk 1:11:13]} Qxd6 {[%clk 1:15:52]} 15. b4 {[%clk 1:11:37]} Qe7
{[%clk 1:10:32]} 16. Rfc1 {[%clk 1:00:54]} b6 {[%clk 1:05:44]} 17. a4
{[%clk 0:51:12]} a5 {[%clk 0:59:09]} 18. bxa5 {[%clk 0:36:34]} Rxa5
{[%clk 0:59:21]} 19. Rab1 {[%clk 0:34:22]} Bb7 {[%clk 0:52:50]} 20. Qb2
{[%clk 0:28:02]} c5 {[%clk 0:43:25]} 21. Bb5 {[%clk 0:26:47]} Rc8
{[%clk 0:41:09]} 22. Rd1 {[%clk 0:22:30]} c4 {[%clk 0:34:28]} 23. Qc2
{[%clk 0:16:06]} Bc6 {[%clk 0:31:57]} 24. Qf5 {[%clk 0:10:43]} Bxb5
{[%clk 0:26:09]} 25. Rxb5 {[%clk 0:11:03]} Qe6 {[%clk 0:26:23]} 26. Qb1
{[%clk 0:05:16]} Rca8 {[%clk 0:23:40]} 27. Nd2 {[%clk 0:05:04]} Qc6
{[%clk 0:21:37]} 28. Qb4 {[%clk 0:05:14]} Rxb5 {[%clk 0:19:21]} 29. Nxb5
{[%clk 0:05:32]} Re8 {[%clk 0:18:32]} 30. Nc3 {[%clk 0:04:59]} g5
{[%clk 0:16:16]} 31. Rc1 {[%clk 0:04:08]} Qe6 {[%clk 0:15:20]} 32. Ne2
{[%clk 0:03:33]} Ne4 {[%clk 0:14:18]} 33. Nxe4 {[%clk 0:03:25]} Qxe4
{[%clk 0:14:37]} 34. Nc3 {[%clk 0:03:43]} Qe6 {[%clk 0:14:32]} 35. Qb5
{[%clk 0:03:49]} Nf6 {[%clk 0:14:09]} 36. Rb1 {[%clk 0:03:59]} g4
{[%clk 0:13:43]} 37. hxg4 {[%clk 0:03:57]} Kg7 {[%clk 0:11:53]} 38. Qxb6
{[%clk 0:03:34]} Qxg4 {[%clk 0:11:58]} 39. Qc7 {[%clk 0:03:19]} Qf5
{[%clk 0:10:55]} 40. Rb7 {[%clk 0:32:27]} Ng4 {[%clk 0:40:21]} 41. Qg3
{[%clk 0:29:41]} h5 {[%clk 0:38:46]} 42. Qf3 {[%clk 0:24:49]} Qg6
{[%clk 0:36:10]} 43. Nxd5 {[%clk 0:21:13]} c3 {[%clk 0:34:14]} 44. Nxc3
{[%clk 0:17:52]} Rc8 {[%clk 0:34:36]} 45. e4 {[%clk 0:17:53]} Rc4
{[%clk 0:34:18]} 46. Ne2 {[%clk 0:15:16]} Rxa4 {[%clk 0:33:30]} 47. g3
{[%clk 0:15:07]} Ra1+ {[%clk 0:32:30]} 48. Kg2 {[%clk 0:14:42]} h4
{[%clk 0:32:48]} 49. Nf4 {[%clk 0:12:16]} 1-0

[Event "MP do 16 lat - chlopcy"]
[Site "Sypniewo"]
[Date "2022.03.22"]
[Round "4.12"]
[White "Czernecki, Andrzej"]
[Black "Dziewonski, Dariusz"]
[Result "1-0"]
[BlackElo "2093"]
[WhiteElo "1848"]
[LiveChessVersion "1.4.8"]

1. e4 {[%clk 1:30:55]} e5 {[%clk 1:30:56]} 2. Nf3 {[%clk 1:30:59]} Nc6
{[%clk 1:31:21]} 3. Bb5 {[%clk 1:31:19]} a6 {[%clk 1:31:31]} 4. Ba4
{[%clk 1:31:44]} Nf6 {[%clk 1:31:32]} 5. O-O {[%clk 1:31:46]} Be7
{[%clk 1:29:38]} 6. Re1 {[%clk 1:30:52]} b5 {[%clk 1:29:24]} 7. Bb3
{[%clk 1:31:16]} d6 {[%clk 1:29:44]} 8. c3 {[%clk 1:30:56]} O-O {[%clk 1:30:03]}
9. h3 {[%clk 1:30:00]} Bb7 {[%clk 1:30:06]} 10. d3 {[%clk 1:28:38]} h6
{[%clk 1:26:33]} 11. Nbd2 {[%clk 1:26:33]} Re8 {[%clk 1:24:02]} 12. Nf1
{[%clk 1:23:44]} Bf8 {[%clk 1:22:16]} 13. Ng3 {[%clk 1:19:38]} Ne7
{[%clk 1:19:33]} 14. Nh4 {[%clk 1:14:25]} d5 {[%clk 1:14:21]} 15. Qf3
{[%clk 1:11:29]} Nc8 {[%clk 0:57:05]} 16. Ngf5 {[%clk 1:08:14]} Kh7
{[%clk 0:45:42]} 17. g4 {[%clk 0:53:37]} g6 {[%clk 0:33:44]} 18. g5
{[%clk 0:40:13]} hxg5 {[%clk 0:25:12]} 19. Bxg5 gxf5 {[%clk 0:23:52]} 20. Qxf5+
{[%clk 0:40:00]} Kg7 {[%clk 0:24:08]} 21. Kh2 {[%clk 0:39:58]} Nd6
{[%clk 0:18:59]} 22. Bxf6+ {[%clk 0:39:51]} Qxf6 {[%clk 0:18:23]} 23. Rg1+
{[%clk 0:40:16]} 1-0